000
00291nam a22001337a 4500
008
190206b xxu||||| |||| 00| 0 eng d
020
_a
9780534395018
041
_a
eng
080
_2
5th
_a
611
100
_a
7
101
_a
ANA
245
_a
Human Physiology
_c
Sherwood,L
942
_2
udc
_c
BK
999
_c
54103
_d
54103